| 000 | 01397cam a2200361 a 4500 | ||
|---|---|---|---|
| 999 |
_c3922 _d3922 |
||
| 001 | 13563374 | ||
| 003 | Nust | ||
| 005 | 20170105101615.0 | ||
| 008 | 040419s2004 nyu b 001 0 eng d | ||
| 010 | _a 2004299005 | ||
| 015 | _aGBA3-U9668 | ||
| 020 | _a0826465307 | ||
| 020 | _a0826465315 (pbk.) | ||
| 035 | _a(OCoLC)ocm52947553 | ||
| 040 |
_aUKM _cUKM _dOCLCQ _dIXA _dDLC |
||
| 042 | _alccopycat | ||
| 050 | 0 | 0 |
_aLB2822.84.G7 _bR825 2004 |
| 082 | 0 | 4 |
_a371.59 _221 _bRUD |
| 100 | 1 | _aRudduck, Jean. | |
| 245 | 1 | 0 |
_aHow to improve your school : _bgiving pupils a voice / _cJean Rudduck and Julia Flutter. |
| 260 |
_aLondon ; _aNew York : _bContinuum, _cc2004. |
||
| 300 |
_axv, 189 p. ; _c22 cm. |
||
| 504 | _aIncludes bibliographical references (p. [167]-184) and index. | ||
| 650 | 0 |
_aSchool improvement programs _zGreat Britain. |
|
| 650 | 0 | _aStudent participation in administration. | |
| 700 | 1 | _aFlutter, Julia. | |
| 856 | 4 | 2 |
_3Contributor biographical information _uhttp://www.loc.gov/catdir/enhancements/fy1204/2004299005-b.html |
| 856 | 4 | 1 |
_3Table of contents only _uhttp://www.loc.gov/catdir/enhancements/fy1204/2004299005-t.html |
| 856 | 4 | 2 |
_3Publisher description _uhttp://www.loc.gov/catdir/enhancements/fy1213/2004299005-d.html |
| 906 |
_a7 _bcbc _ccopycat _d2 _encip _f20 _gy-gencatlg |
||
| 942 |
_2ddc _cBK |
||